Muzyka ojczystych drzew / (Rekord nr 26831)
| 000 -Nagłówek | |
|---|---|
| fixed length control field | 01810cam a2200505 i 4500 |
| 001 - Nr kontrolny bibl., która utworzyła rek. | |
| control field | zz2005785086 |
| 003 - Siglum bibl., której nr kontr. jest w 001 | |
| control field | NUKAT |
| 005 - Data i czas ostatniej operacji | |
| control field | 20260305135011.0 |
| 008 - Elementy pola stałej długości | |
| fixed length control field | 050414s2000 pl a g |000 0 pol c |
| 020 ## - ISBN | |
| ISBN | 8390297698 |
| dopowiedzenie | (oprawa miękka) |
| 035 ## - Systemowy numer kontrolny | |
| systemowy numer kontrolny | (OCoLC)749440174 |
| 035 ## - Systemowy numer kontrolny | |
| systemowy numer kontrolny | (NUKAT)zz2005785086 |
| 040 ## - Instytucja sporządzająca opis | |
| Instytucja, która sporządziła opis | GD U/Jaga |
| język katalgowania-trzyzn. kod | pol |
| zasady opisu | rda |
| Instytucja, która sporządziła rekord | GD U/Jaga |
| Instytucja, która zmodyfikowała rekord | GD U/Jaga |
| -- | Ł U/AGs |
| -- | OLSZT 008/bak |
| 046 ## - Kod rodz. daty, data1, data2 (daty pne) | |
| Begin/single date | 1999 |
| 100 1# - Hasło główne-nazwa osobowa | |
| Nazwa osobowa | Syska, Henryk |
| Daty biograficzne | (1920-2000). |
| rodzaj współpracy | Autor |
| 9 (RLIN) | 17256 |
| 245 10 - Tytuł właściwy i oznaczenie odpow. | |
| tytuł | Muzyka ojczystych drzew / |
| dod. inf. ze s. tyt./ozn. odpow. | Henryk Syska. |
| 260 ## - Adres wydawniczy | |
| miejsce wydania, dystrybucji itp. | Olsztyn : |
| nazwa wydawcy, dystrybutora itp. | Towarzystwo Czytelnicze. Oddział, |
| data wydania, dystrybucji itp. | © copyright 2000. |
| 300 ## - Opis fizyczny | |
| objętość i/lub forma materiału | 143 strony : |
| inne szczegóły opisu fizycznego | ilustracje ; |
| format | 21 cm. |
| 336 ## - Content Type | |
| Term | Tekst |
| Code | txt |
| Source | rdacontent |
| 337 ## - Media Type | |
| Term | Bez urządzenia pośredniczącego |
| Code | n |
| Source | rdamedia |
| 338 ## - Carrier Type | |
| Term | Wolumin |
| Code | nc |
| Source | rdacarrier |
| 380 ## - Form of work | |
| Form of work | Książki |
| 380 ## - Form of work | |
| Form of work | Publikacje popularnonaukowe |
| 388 1# - TIME PERIOD OF CREATION | |
| Time period of creation term | 1901-2000 |
| 388 1# - TIME PERIOD OF CREATION | |
| Time period of creation term | 1989-2000 |
| 500 ## - Uwaga ogólna | |
| uwaga ogólna | Na stronie tytułowej rok wydania 1999. |
| 500 ## - Uwaga ogólna | |
| uwaga ogólna | Na 4 stronie okładki błędny ISBN. |
| 650 #7 - Hasło przedmiotowe-nazwa pospolita | |
| nazwa pospolita lub geogr. | Drzewa |
| źródło hasła | DBN |
| 9 (RLIN) | 37574 |
| 650 #7 - Hasło przedmiotowe-nazwa pospolita | |
| nazwa pospolita lub geogr. | Literatura polska |
| źródło hasła | DBN |
| 9 (RLIN) | 34964 |
| 650 #7 - Hasło przedmiotowe-nazwa pospolita | |
| nazwa pospolita lub geogr. | Tematy i motywy |
| źródło hasła | DBN |
| 9 (RLIN) | 35389 |
| 650 #7 - Hasło przedmiotowe-nazwa pospolita | |
| nazwa pospolita lub geogr. | Drzewa |
| określnik rzeczowy | folklor. |
| źródło hasła | kaba |
| 9 (RLIN) | 37575 |
| 650 #7 - Hasło przedmiotowe-nazwa pospolita | |
| nazwa pospolita lub geogr. | Drzewa |
| określnik geograficzny | Polska |
| określnik rzeczowy | folklor. |
| źródło hasła | kaba |
| 9 (RLIN) | 37576 |
| 650 #7 - Hasło przedmiotowe-nazwa pospolita | |
| nazwa pospolita lub geogr. | Drzewa |
| określnik rzeczowy | w literaturze. |
| źródło hasła | kaba |
| 9 (RLIN) | 37577 |
| 650 #7 - Hasło przedmiotowe-nazwa pospolita | |
| nazwa pospolita lub geogr. | Literatura |
| określnik rzeczowy | tematy, motywy. |
| źródło hasła | kaba |
| 9 (RLIN) | 25320 |
| 650 #7 - Hasło przedmiotowe-nazwa pospolita | |
| nazwa pospolita lub geogr. | Literatura polska |
| określnik rzeczowy | tematy, motywy. |
| źródło hasła | kaba |
| 9 (RLIN) | 14435 |
| 651 #7 - Hasło przedmiotowe-nazwa geogr. | |
| nazwa geograficzna | Kurpie (region) |
| źródło hasła | DBN |
| 9 (RLIN) | 35054 |
| 651 #7 - Hasło przedmiotowe-nazwa geogr. | |
| nazwa geograficzna | Polska |
| źródło hasła | DBN |
| 9 (RLIN) | 35076 |
| 655 #7 - Termin określający rodzaj/formę | |
| rodzaj/forma | Wydawnictwa popularne |
| źródło terminu | DBN |
| 9 (RLIN) | 35845 |
| 658 ## - Nazwa określająca cel programu nauczania | |
| główny cel programu nauczania | Biologia |
| 658 ## - Nazwa określająca cel programu nauczania | |
| główny cel programu nauczania | Literaturoznawstwo |
| 658 ## - Nazwa określająca cel programu nauczania | |
| główny cel programu nauczania | Rolnictwo i leśnictwo |
| 710 2# - Hasło dodatkowe - nazwa ciała zbior. | |
| nazwa ciała zbior. lub nazwa geogr. | Polskie Towarzystwo Czytelnicze. |
| nazwa jednostki podrzędnej | Oddział (Olsztyn). |
| rodzaj współpracy | Wydawca |
| kod rodzaju współpracy | pbl |
| 9 (RLIN) | 37573 |
| 920 ## - ISBN | |
| ISBN | 83-902976-9-8 (oprawa miękka) |
| 942 ## - ADDED ENTRY ELEMENTS (KOHA) | |
| Source of classification or shelving scheme | Dewey Decimal Classification |
| Koha item type | pozycje dostępne na miejscu |
| Status wycofania | Status zagubienia | Klasyfikacja | Status uszkodzenia | Blokada wypożyczeń | Kolekcja | Lokalizacja macierzysta | Lokalizacja bieżąca | Data nabycia | Numer akcesji | Źródło akcesji | Cena | Nr inwentarzowy | il. wypożyczeń | Sygnatura | Kod kreskowy | Date last seen | Price effective from | Typ egz. |
|---|---|---|---|---|---|---|---|---|---|---|---|---|---|---|---|---|---|---|
| Dewey Decimal Classification | nieuszkodzona | książka w magazynie | Biblioteka Instytutu Północnego w Olsztynie | Biblioteka Instytutu Północnego w Olsztynie | 03/03/2026 | D-18/2026 | dar | 10.00 | 73800 | 73800 | IPWK22006 | 05/03/2026 | 05/03/2026 | pozycje dostępne na miejscu |